Catálogo

CONCRETO ARMADO PREESFORZADO : (Registro nro. 21380)

Detalles MARC
000 -LEADER
fixed length control field 00489nam a2200169 a 4500
001 - CONTROL NUMBER
control field 21380
005 - DATE AND TIME OF LATEST TRANSACTION
control field 20180713215117.0
008 - FIXED-LENGTH DATA ELEMENTS--GENERAL INFORMATION
fixed length control field 140415s1958 mx 000 0 spa d
041 ## - LANGUAGE CODE
Language code of text/sound track or separate title spa
082 ## - DEWEY DECIMAL CLASSIFICATION NUMBER
Classification number 693.54
Item number CES
100 1# - MAIN ENTRY--PERSONAL NAME
Personal name CESTILLI-GUIDI, CARLO
245 10 - TITLE STATEMENT
Title CONCRETO ARMADO PREESFORZADO :
Remainder of title TEORIA-PRUEBA-APLICACION
250 ## - EDITION STATEMENT
Edition statement 1a ed.
260 ## - PUBLICATION, DISTRIBUTION, ETC.
Place of publication, distribution, etc. MEXICO :
Name of publisher, distributor, etc. COMPAÑIA EDITORIAL CONTINENTAL,
Date of publication, distribution, etc. 1958
300 ## - PHYSICAL DESCRIPTION
Extent 563
650 14 - SUBJECT ADDED ENTRY--TOPICAL TERM
Topical term or geographic name entry element HORMIGON ARMADO
General subdivision PREESFORZADO
Existencias
Withdrawn status Lost status Source of classification or shelving scheme Damaged status Not for loan Collection code Home library Current library Shelving location Date acquired Source of acquisition Inventory number Total Checkouts Full call number Barcode Date last seen Price effective from Koha item type
    Dewey Decimal Classification     General Biblioteca Karol Wojtyla Biblioteca Karol Wojtyla Sala general 03/12/2013 Compra 151000000000000000028800   693.54 CES 41650 05/01/2026 03/12/2013 Libro